| 000 | 00491nam a22001697a 4500 | ||
|---|---|---|---|
| 003 | OSt | ||
| 005 | 20251021062716.0 | ||
| 008 | 251021b |||||||| |||| 00| 0 eng d | ||
| 020 | _a978-1-250-76845-2 | ||
| 040 |
_aDWCL- Main Lib _cOC |
||
| 082 | _aFic. R682 2021 | ||
| 100 | _aRocks, Misako, | ||
| 245 |
_aBounce Back / _bMisako Rocks |
||
| 260 |
_aNew York : _bMacMillan Publishing Group, _cc2021. |
||
| 300 |
_a265 pages : _bcolor illustrations ; _c 22cm. |
||
| 942 |
_2ddc _cFIC. _mFic. _n0 |
||
| 999 |
_c4986 _d4986 |
||